书目信息 |
| 题名: |
土力学与地基基础
|
|
| 作者: | 周东久 主编 | |
| 分册: | ||
| 出版信息: | 北京 人民交通出版社 2005.08 |
|
| 页数: | 207页 | |
| 开本: | 26cm | |
| 丛书名: | ||
| 单 册: | ||
| 中图分类: | TU4 | |
| 科图分类: | ||
| 主题词: | 土力学--tu li xue--高等学校 : 技术学校--教材 , 地基--di ji--基础 (工程)--高等学校 : 技术学校--教材 | |
| 电子资源: | ||
| ISBN: | 7-114-05673-7 | |
| 000 | 00990nam0 2200265 450 | |
| 001 | 012006091241 | |
| 005 | 20060803171542.50 | |
| 010 | @a7-114-05673-7@dCNY25.00 | |
| 100 | @a20060803d2005 km y0chiy0120 ea | |
| 101 | 0 | @achi |
| 102 | @aCN@b110000 | |
| 105 | @aa a 000yy | |
| 106 | @ar | |
| 200 | 1 | @a土力学与地基基础@Atu li xue yu di ji ji chu@f周东久主编@Fzhou dong jiu zhu bian |
| 210 | @a北京@c人民交通出版社@d2005.08 | |
| 215 | @a207页@c图@d26cm | |
| 320 | @a有书目。 | |
| 330 | @a本书主要内容包括:土中压力;基础沉降量的计算;土的强度与地基承载力;土压力;地基与基础概述;天然地基刚性浅基础;人工地基;沉井基础;土的力学性质试验指导。本书作为高职高专院校道路工程技术专业教学用书。 | |
| 333 | @a高等职业教育规划教材 | |
| 606 | 0 | @a土力学@Atu li xue@x高等学校 : 技术学校@j教材 |
| 606 | 0 | @a地基@Adi ji@x基础 (工程)@x高等学校 : 技术学校@j教材 |
| 690 | @aTU4@v4 | |
| 701 | 0 | @a周东久@Azhou dong jiu@4主编 |
| 801 | 0 | @aCN@bQSSK@c20060803 |
| 905 | @b597443-45@dTU4@eZ752 | |
| 土力学与地基基础/周东久主编.-北京:人民交通出版社,2005.08 |
| 207页:图;26cm |
| 使用对象:高等职业教育规划教材 |
| ISBN 7-114-05673-7:CNY25.00 |
| 本书主要内容包括:土中压力;基础沉降量的计算;土的强度与地基承载力;土压力;地基与基础概述;天然地基刚性浅基础;人工地基;沉井基础;土的力学性质试验指导。本书作为高职高专院校道路工程技术专业教学用书。 |
| ● |
| 相关链接 |
|
|
|
正题名:土力学与地基基础
索取号:TU4/Z752
 
预约/预借
| 序号 | 登录号 | 条形码 | 馆藏地/架位号 | 状态 | 备注 |
| 1 | 597443 | 205974436 | 建筑库101/101建筑库 93排3列1层/ [索取号:TU4/Z752] | 在馆 | |
| 2 | 597444 | 205974445 | 建筑库101/101建筑库 93排2列2层/ [索取号:TU4/Z752] | 在馆 | |
| 3 | 597445 | 205974454 | 建筑库101/101建筑库 93排3列1层/ [索取号:TU4/Z752] | 在馆 |